00684nam a22001937a 450000500170000001000150001702000270003203500140005903700090007308200110008210000170009324501430011026000670025327000920032030000210041270000170043370000220045070000180047220220204115543.0 aENG-131404 a9788194282563c1049.00 aEN-114936 bDBAD a004.65 aSzigeti, Tim aCisco Digital Network Architecture:bIntent-based Networking for the Enterprise/cTim Szigeti, David Zacks, Matthias Falkner, Simone Arena aUttar PradeshbPearson India Education Services Pvt. Ltdc2022 a15th Floor, Tower-B, World Trade Tower, Plot No. 1, Block-C, Sector 16, bNoidae201301 a753p.c24cm(pbk) aZacks, David aFalkner, Matthias aArena, Simone